书目信息 |
| 题名: |
街道与城镇的形成
|
|
| 作者: | 索斯沃斯 , 本-约瑟夫 著 ;李凌虹 译 | |
| 分册: | ||
| 出版信息: | 北京 中国建筑工业出版社 2006 |
|
| 页数: | 174页 | |
| 开本: | 24cm | |
| 丛书名: | 国外城市规划与设计理论译丛 | |
| 单 册: | ||
| 中图分类: | TU984.191 | |
| 科图分类: | ||
| 主题词: | 城市道路--城市规划--研究 , 城市道路 , 城市规划 | |
| 电子资源: | ||
| ISBN: | 7-112-08424-5 | |
| 000 | 01337oam2 2200337 450 | |
| 001 | 003245680 | |
| 005 | 20091230090007.56 | |
| 010 | @a7-112-08424-5@dCNY39.00 | |
| 100 | @a20060104d2006 em y0chiy0110 ea | |
| 101 | 1 | @achi@ceng |
| 102 | @aCN@b110000 | |
| 105 | @aa z 000yy | |
| 106 | @ar | |
| 200 | 1 | @a街道与城镇的形成@9jie dao yu cheng zhen de xing cheng@f(美)迈克尔·索斯沃斯(Michael Southworth),(美)伊万·本-约瑟夫(Eran Ben-Joseph)著@g李凌虹译 |
| 210 | @a北京@c中国建筑工业出版社@d2006 | |
| 215 | @a174页@c图@d24cm | |
| 225 | 2 | @a国外城市规划与设计理论译丛 |
| 305 | @a本书由英国Island Press授权翻译出版 | |
| 312 | @a封面英文题名:Streets and the shaping of towns and cities | |
| 330 | @a本书追溯了街道设计与规划的历史,批判了我们今天身处的现状,提出了关于较少受到僵化控制的、更灵活通融的、更适应当地实际情况的替换方案的建议。 | |
| 461 | 0 | @12001 @a国外城市规划与设计理论译丛 |
| 510 | 1 | @aStreets and the shaping of towns and cities@zeng |
| 606 | 0 | @a城市道路@x城市规划@x研究 |
| 606 | 0 | @a城市道路 |
| 606 | 0 | @a城市规划 |
| 690 | @aTU984.191@v4 | |
| 701 | 0 | @c(美)@a索斯沃斯@9suo si wo si@c(Southworth, Michael)@4著 |
| 701 | 0 | @c(美)@a本-约瑟夫@9ben - yue se fu@c(Ben-Joseph, Eran)@4著 |
| 702 | 0 | @a李凌虹@9li ling hong@4译 |
| 801 | 0 | @aCN@bNLC@c20091230 |
| 905 | @b20798578-82@dTU984.191@e500@f5 | |
| 街道与城镇的形成/(美)迈克尔·索斯沃斯(Michael Southworth),(美)伊万·本-约瑟夫(Eran Ben-Joseph)著/李凌虹译.-北京:中国建筑工业出版社,2006 |
| 174页:图;24cm.-(国外城市规划与设计理论译丛) |
| ISBN 7-112-08424-5:CNY39.00 |
| 本书追溯了街道设计与规划的历史,批判了我们今天身处的现状,提出了关于较少受到僵化控制的、更灵活通融的、更适应当地实际情况的替换方案的建议。 |
| ● |
| 相关链接 |
|
|
|
|
正题名:街道与城镇的形成
索取号:TU984.191/500
 
预约/预借
| 序号 | 登录号 | 条形码 | 馆藏地/架位号 | 状态 | 备注 |
| 1 | 798578 | 207985787 | 第二样本阅览室/ [索取号:TU984.191/500] | 在馆 | |
| 2 | 798579 | 207985796 | 第三借阅区/ [索取号:TU984.191/500] | 在馆 | |
| 3 | 798580 | 207985803 | 第三借阅区/ [索取号:TU984.191/500] | 在馆 | |
| 4 | 798581 | 207985812 | 第三借阅区/ [索取号:TU984.191/500] | 在馆 | |
| 5 | 798582 | 207985821 | 第三借阅区/ [索取号:TU984.191/500] | 在馆 |